Konjunktur, konjunkturwende, Konjunkturvergleich und Konjunkturpolitik

Salvato in:
Dettagli Bibliografici
Autore principale: Roon, Ger von
Natura: Libro
Lingua:tedesco
Pubblicazione: Kiel Institut für Weltwirtschaft 1987
Serie:Arbeitspapier Nr. 278
Tags: Aggiungi Tag
Nessun Tag, puoi essere il primo ad aggiungerne!!

MARC

LEADER 00000nam a2200000 4500
001 c035562
005 20250526080424.0
041 0 |a ger 
044 |a DE 
245 1 0 |a Konjunktur, konjunkturwende, Konjunkturvergleich und Konjunkturpolitik  |c Ger von Roon 
264 1 |a Kiel  |b Institut für Weltwirtschaft  |c 1987 
300 |a 101 s. 
490 1 |a Arbeitspapier  |v Nr. 278 
830 0 |a Arbeitspapier  |v Nr. 278 
100 1 |a Roon, Ger von